Normal view
MARC view
Entry Personal Name
001 - CONTROL NUMBER
- control field: 32334
003 - CONTROL NUMBER IDENTIFIER
- control field: OSt
005 - DATE AND TIME OF LATEST TRANSACTION
- control field: 20220811151754.0
008 - FIXED-LENGTH DATA ELEMENTS
- fixed length control field: 220811|| aca||aabn | a|a d
040 ## - CATALOGING SOURCE
- Original cataloging agency: OSt
- Transcribing agency: OSt
100 ## - HEADING--PERSONAL NAME
- Personal name: Tella, Sebastian Di and Kurlat, Pablo
670 ## - SOURCE DATA FOUND
- Source citation: Work cat.: (OSt)519406: Tella, Sebastian Di and Kurlat, Pablo , Why are banks exposed to monetary policy?
